Business process management: Practical guidelines to successful implementations (Record no. 2737)

MARC details
000 -LEADER
fixed length control field 00547nam a2200181Ia 4500
008 - FIXED-LENGTH DATA ELEMENTS--GENERAL INFORMATION
fixed length control field 230917s9999||||xx |||||||||||||| ||und||
020 ## - ISBN
Price GBP 43.99 (RS 4517.77)
040 ## - CATALOGING SOURCE
-- 5002040
Original cataloging agency VIVEKANANDA LIBRARY
041 ## - Language
-- English
082 ## - DDC NUMBER
Classification number 658.4 J499B(4)
100 ## - MAIN ENTRY--PERSONAL NAME
Personal name Jeston, John
245 #0 - TITLE STATEMENT
Title Business process management: Practical guidelines to successful implementations
250 ## - EDITION STATEMENT
Edition statement 4th ed.
260 ## - PUBLICATION, DISTRIBUTION, ETC. (IMPRINT)
Place of publication, distribution, etc Oxon
Name of publisher, distributor, etc Roultedge
Date of publication, distribution, etc 2018
300 ## - PHYSICAL DESCRIPTION
Pages xxxvi, 653 p.
500 ## - GENERAL NOTE
General note 4112 11/10/2021 APD21/1128466 11/10/2021 IMSAR (Dev. & Research)
942 ## - ADDED ENTRY ELEMENTS (KOHA)
Koha item type Books
Holdings
Withdrawn status Lost status Damaged status Not for loan Location (home branch) Sublocation or collection (holding branch) Shelving location Date acquired Koha issues (times borrowed) Koha full call number Accession No. Koha date last seen Koha item type
        VIVEKANANDA LIBRARY VIVEKANANDA LIBRARY IMSAR Library 20/12/2021   658.4 J499B(4) 392902 17/09/2023 Books
© Designed and Maintained by Vivekananda Library, MDU Rohtak